[Event "Neum"]
[Site "?"]
[Date "2000.??.??"]
[Round "?"]
[White "Svidler, P."]
[Black "Adams, M."]
[Result "1-0"]
[WhiteElo "2685"]
[BlackElo "2755"]
[PlyCount "67"]
[EventDate "2000.??.??"]
[Source "Chess Informant"]
[SourceDate "2000.06.01"]

1. e4 e5 2. Nf3 Nc6 3. Bb5 a6 4. Ba4 Nf6 5. O-O Bc5 6. c3 b5 7. Bc2 d6 8. a4 Bg4 9. d3 O-O 10. h3 Bh5 11. Nbd2 b4 12. a5 Rb8 13. Qe2 bxc3 14. bxc3 d5 15. d4 exd4 16. Qxa6 dxc3 17. Qxc6 cxd2 18. Nxd2 Bd4 19. Ra4 dxe4 20. Nxe4 Nxe4 21. Bxe4 Be2 22. Bxh7+ Kh8 23. Bc2 Re8 24. Re1 Re6 25. Qxe6 fxe6 26. Rxe2 e5 27. a6 Qd7 28. a7 Ra8 29. Rxe5 g6 30. Re4 c5 31. Ra6 Rxa7 32. Rxg6 Bg7 33. Bb2 Qb5 34. Bc3 1-0

[Event "Frankfurt-West Masters"]
[Site "Frankfurt"]
[Date "1999.07.02"]
[Round "13"]
[White "Adams, Michael"]
[Black "Svidler, Peter"]
[Result "1/2-1/2"]
[WhiteElo "2716"]
[BlackElo "2713"]
[PlyCount "78"]
[EventDate "1999.06.29"]
[Source "ChessBase"]
[SourceDate "1999.10.01"]

1. e4 e5 2. Nf3 Nc6 3. Bb5 a6 4. Ba4 Nf6 5. O-O Bc5 6. c3 b5 7. Bc2 d6 8. a4 Bg4 9. h3 Bh5 10. axb5 axb5 11. Rxa8 Qxa8 12. b4 Bb6 13. Na3 Nd8 14. Re1 c6 15. d4 Qa7 16. g4 Bg6 17. c4 exd4 18. e5 dxe5 19. Nxe5 O-O 20. Bxg6 hxg6 21. cxb5 cxb5 22. Nxb5 Qb7 23. Nxd4 Bxd4 24. Qxd4 Ne6 25. Qe3 g5 26. Bd2 Rd8 27. Qf3 Qb5 28. Bc3 Nf4 29. h4 N6d5 30. hxg5 f6 31. gxf6 gxf6 32. Bd2 fxe5 33. Rxe5 Qd3 34. Rg5+ Kf7 35. Qxd3 Nxd3 36. b5 Nf6 37. Be3 Rd5 38. Rxd5 Nxd5 39. b6 Nxb6 1/2-1/2

[Event "Neum"]
[Site "?"]
[Date "2000.??.??"]
[Round "?"]
[White "Adams, M."]
[Black "Onischuk, Al"]
[Result "1/2-1/2"]
[WhiteElo "2755"]
[BlackElo "2625"]
[PlyCount "66"]
[EventDate "2000.??.??"]
[Source "Chess Informant"]
[SourceDate "2000.06.01"]

1. e4 e5 2. Nf3 Nc6 3. Bb5 a6 4. Ba4 Nf6 5. O-O Bc5 6. c3 b5 7. Bb3 d6 8. d4 Bb6 9. Bg5 h6 10. Bh4 O-O 11. a4 Rb8 12. axb5 axb5 13. d5 Ne7 14. Bxf6 gxf6 15. Nh4 f5 16. Qh5 fxe4 17. Qxh6 Nf5 18. Nxf5 Bxf5 19. Kh1 Bh7 20. g4 f5 21. gxf5 Kh8 22. Bc2 Qf6 23. Qxf6+ Rxf6 24. Bxe4 Bxf5 25. Bxf5 Rxf5 26. Nd2 Rxf2 27. Rxf2 Bxf2 28. Ne4 Be3 29. Kg2 Kg7 30. b3 Kg6 31. Kf3 Bb6 32. Ra6 Rf8+ 33. Ke2 Rd8 1/2-1/2

[Event "Groningen"]
[Site "?"]
[Date "1996.??.??"]
[Round "?"]
[White "Svidler, P."]
[Black "Shirov, A."]
[Result "1/2-1/2"]
[WhiteElo "2650"]
[BlackElo "2685"]
[PlyCount "31"]
[EventDate "1996.??.??"]
[Source "ChessBase"]
[SourceDate "1996.10.01"]

1. e4 e5 2. Nf3 Nc6 3. Bb5 a6 4. Ba4 Nf6 5. O-O Bc5 6. Nxe5 Nxe5 7. d4 b5 8. Bb3 Bxd4 9. Qxd4 d6 10. f4 Nc6 11. Qc3 Bb7 12. e5 Ne4 13. Qe3 Na5 14. Nd2 Nxb3 15. axb3 Nxd2 16. Bxd2 1/2-1/2

[Event "Dortmund"]
[Site "?"]
[Date "2004.??.??"]
[Round "?"]
[White "Leko, P."]
[Black "Karjakin, Sergey"]
[Result "1/2-1/2"]
[WhiteElo "2740"]
[BlackElo "2590"]
[PlyCount "59"]
[EventDate "2004.??.??"]
[Source "Chess Informant"]
[SourceDate "2004.06.01"]

1. e4 e5 2. Nf3 Nc6 3. Bb5 a6 4. Ba4 Nf6 5. O-O Bc5 6. c3 b5 7. Bb3 d6 8. d4 Bb6 9. a4 Rb8 10. axb5 axb5 11. Na3 O-O 12. Nxb5 Bg4 13. Bc2 Bxf3 14. gxf3 Nh5 15. Kh1 Qf6 16. Ra4 Nf4 17. Rg1 Ne7 18. Be3 Neg6 19. Rg3 Nh5 20. Rg4 h6 21. Na3 Nh4 22. Bd3 Ra8 23. Rxa8 Rxa8 24. Be2 Ng6 25. Nc4 Nhf4 26. Bf1 Ra2 27. Qb1 Ra4 28. Qd1 Ra2 29. Qb1 Ra4 30. Qd1 1/2-1/2

[Event "Frankfurt Ordix op"]
[Site "Frankfurt"]
[Date "1999.07.04"]
[Round "11"]
[White "Lutz, Christopher"]
[Black "Adams, Michael"]
[Result "0-1"]
[WhiteElo "2610"]
[BlackElo "2716"]
[PlyCount "148"]
[EventDate "1999.07.??"]
[Source "www.chesslib.no"]
[SourceDate "2004.05.04"]

1. e4 e5 2. Nf3 Nc6 3. Bb5 a6 4. Ba4 Nf6 5. O-O Bc5 6. c3 b5 7. Bb3 d6 8. a4 Bg4 9. d3 Rb8 10. axb5 axb5 11. h3 Bh5 12. Nbd2 O-O 13. Re1 b4 14. Ba4 Na5 15. Nf1 bxc3 16. bxc3 Bxf3 17. Qxf3 Nb3 18. Bxb3 Rxb3 19. Bd2 Nd7 20. Reb1 Rxb1 21. Rxb1 Qa8 22. Be3 Qa4 23. Qd1 Qxd1 24. Rxd1 Ra8 25. d4 exd4 26. cxd4 Bb6 27. d5 Nc5 28. f3 g6 29. Bf2 Ra3 30. Ng3 Ra2 31. Bd4 f6 32. Kf1 Kf7 33. Ne2 h5 34. h4 Rc2 35. Rc1 Ra2 36. Ra1 Rd2 37. Bc3 Rd3 38. Ke1 Nd7 39. Ra2 Ne5 40. Rd2 Re3 41. Kd1 Nc4 42. Ra2 f5 43. Ra4 Rxc3 44. Nxc3 Nb2+ 45. Ke2 Nxa4 46. Nxa4 fxe4 47. fxe4 Bd4 48. Kd3 Bf6 49. Nc3 Bxh4 50. Nb5 Bd8 51. Nd4 Kf6 52. Ne6 Be7 53. Nxc7 Kg5 54. Ke3 Kg4 55. Ne8 Kg3 56. e5 dxe5 57. d6 Bd8 58. Ke4 Kxg2 59. Ng7 h4 60. Kxe5 h3 61. Ne6 h2 62. Nxd8 h1=Q 63. Ke6 Qh3+ 64. Ke7 Qh4+ 65. Kd7 g5 66. Ne6 Qh3 67. Ke7 Qh7+ 68. Kf6 Qd7 69. Ke5 g4 70. Nc5 Qc6 71. Ne4 Kf3 72. Ng5+ Ke3 73. Ke6 Qe8+ 74. Kf6 g3 0-1

[Event "Groningen"]
[Site "?"]
[Date "1996.??.??"]
[Round "?"]
[White "Leko, P."]
[Black "Shirov, A."]
[Result "1/2-1/2"]
[WhiteElo "2630"]
[BlackElo "2685"]
[PlyCount "33"]
[EventDate "1996.??.??"]
[Source "ChessBase"]
[SourceDate "1996.10.01"]

1. e4 e5 2. Nf3 Nc6 3. Bb5 a6 4. Ba4 Nf6 5. O-O Bc5 6. c3 b5 7. Bc2 d6 8. h3 O-O 9. a4 Bb7 10. d4 Bb6 11. axb5 axb5 12. Rxa8 Bxa8 13. dxe5 Nxe5 14. Nxe5 dxe5 15. Qe2 Bc6 16. Na3 Qa8 17. Re1 1/2-1/2

[Event "Reykjavik op 19th"]
[Site "Reykjavik"]
[Date "2000.04.13"]
[Round "9"]
[White "Short, Nigel D"]
[Black "Ehlvest, Jaan"]
[Result "1/2-1/2"]
[WhiteElo "2683"]
[BlackElo "2622"]
[PlyCount "62"]
[EventDate "2000.04.05"]
[Source "ChessBase"]
[SourceDate "2000.05.11"]

1. e4 e5 2. Nf3 Nc6 3. Bb5 a6 4. Ba4 Nf6 5. O-O Bc5 6. c3 b5 7. d4 bxa4 8. dxc5 Nxe4 9. Nxe5 Nxe5 10. Qd5 Bb7 11. Qxe5+ Qe7 12. Qxe7+ Kxe7 13. Re1 Kf6 14. Be3 d6 15. cxd6 Nxd6 16. Nd2 Rhe8 17. f3 Rad8 18. Kf2 Bd5 19. b3 Bc6 20. Bc5 Nb7 21. Bd4+ Kg6 22. Nc4 f6 23. Nb2 Rxe1 24. Kxe1 axb3 25. axb3 Bd5 26. b4 Rd6 27. Kf2 Kf7 28. Ke3 Rc6 29. Kd3 Be6 30. c4 Nd6 31. Bc5 Nb7 1/2-1/2

[Event "Sibenik"]
[Site "?"]
[Date "2006.09.26"]
[Round "5.3"]
[White "Nisipeanu Liviu-Dieter"]
[Black "Hracek Zbynek"]
[Result "1/2-1/2"]
[WhiteElo "2696"]
[BlackElo "2605"]
[PlyCount "78"]
[EventDate "2006.??.??"]
[Source "www.chesslib.no"]
[SourceDate "2004.05.04"]

1. e4 e5 2. Nf3 Nc6 3. Bb5 a6 4. Ba4 Nf6 5. O-O Bc5 6. c3 b5 7. Bc2 d5 8. exd5 Qxd5 9. d3 Bg4 10. Nbd2 O-O 11. Qe2 Rad8 12. Ne4 Nxe4 13. dxe4 Qd6 14. b4 Bb6 15. a4 Qf6 16. h3 Bxf3 17. Qxf3 Qxf3 18. gxf3 Rd6 19. Rd1 Rfd8 20. Rxd6 Rxd6 21. axb5 axb5 22. Kf1 Kf8 23. Ke2 Nd8 24. Bd3 Bxf2 25. Bxb5 Bg3 26. Ra8 Ke7 27. Bg5+ f6 28. Be3 Ne6 29. Re8+ Kf7 30. Rc8 Rd8 31. Rxd8 Nxd8 32. Ba7 Ne6 33. Bc4 Ke7 34. Bxe6 Kxe6 35. b5 g6 36. c4 Kd7 37. Bc5 f5 38. Kd3 Kc8 39. Be7 Kb7 1/2-1/2

[Event "Porzellan Cup rap"]
[Site "Dresden"]
[Date "1997.??.??"]
[Round "25"]
[White "Almasi, Zoltan"]
[Black "Shirov, Alexei"]
[Result "1/2-1/2"]
[WhiteElo "2595"]
[BlackElo "2690"]
[PlyCount "71"]
[EventDate "1997.??.??"]
[Source "www.chesslib.no"]
[SourceDate "2004.05.04"]

1. e4 e5 2. Nf3 Nc6 3. Bb5 a6 4. Ba4 Nf6 5. O-O Bc5 6. c3 b5 7. Bb3 d6 8. a4 Bg4 9. h3 Bh5 10. d3 O-O 11. Re1 Rb8 12. axb5 axb5 13. Nbd2 b4 14. Ba4 bxc3 15. bxc3 Ne7 16. Nf1 Nd7 17. Ng3 Bg6 18. Bb3 h6 19. Rb1 Kh8 20. Nh4 Bh7 21. Qf3 Nd5 22. exd5 Qxh4 23. Bc2 Rxb1 24. Bxb1 f5 25. Kf1 Nf6 26. d4 e4 27. Nxf5 exf3 28. Nxh4 fxg2+ 29. Nxg2 Bxb1 30. dxc5 Nxd5 31. cxd6 cxd6 32. Ba3 Bd3+ 33. Kg1 Rf3 34. Bxd6 Rxh3 35. Bg3 Rh5 36. Re5 1/2-1/2

[Event "Yerevan (ol)"]
[Site "?"]
[Date "1996.??.??"]
[Round "?"]
[White "Illescas Cordoba, M."]
[Black "Malaniuk, Vladimir P"]
[Result "0-1"]
[WhiteElo "2640"]
[BlackElo "2610"]
[PlyCount "96"]
[EventDate "1996.??.??"]
[Source "ChessBase"]
[SourceDate "1996.06.01"]

1. e4 e5 2. Nf3 Nc6 3. Bb5 a6 4. Ba4 Nf6 5. O-O Bc5 6. d3 d6 7. Be3 Bxe3 8. fxe3 O-O 9. Nc3 b5 10. Bb3 Na5 11. Qe1 c5 12. Bd5 Nxd5 13. exd5 f5 14. a3 Bd7 15. Kh1 Nb7 16. Qg3 Qe7 17. Rae1 Rf6 18. Qh4 Raf8 19. Ne2 h6 20. Nd2 g5 21. Qf2 Qg7 22. b4 R6f7 23. c3 Qg6 24. d4 e4 25. Qg3 Kh7 26. Rc1 c4 27. Kg1 Rf6 28. h4 Qh5 29. hxg5 hxg5 30. Qh2 Qxh2+ 31. Kxh2 Kg6 32. Kg1 R6f7 33. Rce1 Rh8 34. Ng3 a5 35. Rf2 a4 36. Ref1 Nd8 37. Ndxe4 fxe4 38. Nxe4 Rxf2 39. Rxf2 Nf7 40. Ng3 Re8 41. e4 Nh6 42. Re2 Ng4 43. Kf1 Nf6 44. Kf2 Bc8 45. Re1 Bg4 46. Kf1 Rf8 47. Kg1 Bd7 48. Re3 Re8 0-1

[Event "DSU"]
[Site "?"]
[Date "1998.03.01"]
[Round "?"]
[White "Hector Jonny (SWE)"]
[Black "Oosterom Joop van (NED)"]
[Result "1/2-1/2"]
[WhiteElo "2559"]
[BlackElo "2684"]
[PlyCount "43"]
[EventDate "1998.??.??"]
[Source "www.chesslib.no"]
[SourceDate "2004.05.04"]

1. e4 e5 2. Nf3 Nc6 3. Bb5 a6 4. Ba4 Nf6 5. O-O Bc5 6. c3 b5 7. Bc2 d6 8. d4 Bb6 9. a4 Bg4 10. d5 Ne7 11. axb5 axb5 12. Rxa8 Qxa8 13. Na3 Bd7 14. Qe2 b4 15. cxb4 O-O 16. Nc4 Bb5 17. Bg5 Ng6 18. Bd3 Bxc4 19. Bxc4 Nf4 20. Bxf4 exf4 21. Bb5 Ng4 22. Ne1 1/2-1/2

[Event "Sibenik"]
[Site "?"]
[Date "2006.09.22"]
[Round "1.1"]
[White "Hracek Zbynek"]
[Black "Delchev Aleksander"]
[Result "1/2-1/2"]
[WhiteElo "2605"]
[BlackElo "2637"]
[PlyCount "65"]
[EventDate "2006.??.??"]
[Source "www.chesslib.no"]
[SourceDate "2004.05.04"]

1. e4 e5 2. Nf3 Nc6 3. Bb5 a6 4. Ba4 Nf6 5. O-O Bc5 6. c3 b5 7. Bc2 d5 8. d4 dxe4 9. Nxe5 Nxe5 10. dxe5 Qxd1 11. Rxd1 Ng4 12. Bxe4 Nxf2 13. Bc6+ Ke7 14. Rd5 Bb6 15. Bxa8 Nd3+ 16. Kf1 Nxc1 17. Na3 Be6 18. Rxc1 Rxa8 19. Rd3 Bf5 20. Rdd1 Be3 21. Ra1 Bf4 22. g3 Bxe5 23. Rd2 h5 24. Nc2 Bxc2 25. Rxc2 Rh8 26. Re1 Ke6 27. c4 b4 28. Rd2 f6 29. Kg2 g5 30. h3 a5 31. Re3 a4 32. Kf3 Rg8 33. Ke2 1/2-1/2

[Event "Santiago"]
[Site "?"]
[Date "1997.??.??"]
[Round "?"]
[White "Morovic Fernandez, I."]
[Black "Adams, Mi"]
[Result "0-1"]
[WhiteElo "2580"]
[BlackElo "2660"]
[PlyCount "42"]
[EventDate "1997.??.??"]
[Source "ChessBase"]
[SourceDate "1996.10.01"]

1. e4 e5 2. Nf3 Nc6 3. Bb5 a6 4. Ba4 Nf6 5. O-O Bc5 6. c3 b5 7. Bb3 d6 8. d4 Bb6 9. h3 Bb7 10. Re1 O-O 11. Be3 Na5 12. Bc2 Nc4 13. Bc1 d5 14. b3 dxe4 15. Nxe5 Nxe5 16. dxe5 Nd7 17. Bf4 Qh4 18. g3 Qxh3 19. Bxe4 Bxe4 20. Rxe4 Nc5 21. Re2 Rad8 0-1

[Event "Reykjavik 83/(326)"]
[Site "?"]
[Date "2001.??.??"]
[Round "?"]
[White "Ehlvest, J."]
[Black "Timman, J."]
[Result "1/2-1/2"]
[WhiteElo "2626"]
[BlackElo "2600"]
[PlyCount "42"]
[EventDate "2001.??.??"]
[Source "Chess Informant"]
[SourceDate "2001.10.01"]

1. e4 e5 2. Nf3 Nc6 3. Bb5 a6 4. Ba4 Nf6 5. O-O Bc5 6. c3 b5 7. Bb3 d6 8. a4 Rb8 9. d4 Bb6 10. axb5 axb5 11. d5 Ne7 12. Qd3 O-O 13. Na3 Bd7 14. Nc2 Nh5 15. Nb4 Kh8 16. Bd1 f5 17. Nxe5 fxe4 18. Qc2 Nf6 19. Nxd7 Qxd7 20. Be3 Bxe3 21. fxe3 Nexd5 1/2-1/2

[Event "50th It"]
[Site "Reggio Emilia ITA"]
[Date "2008.01.03"]
[Round "6"]
[White "Almasi, Z."]
[Black "Godena, M."]
[Result "1/2-1/2"]
[WhiteElo "2691"]
[BlackElo "2535"]
[PlyCount "120"]
[EventDate "2007.12.29"]
[Source "www.chesslib.no"]
[SourceDate "2004.05.04"]

1. e4 e5 2. Nf3 Nc6 3. Bb5 a6 4. Ba4 Nf6 5. O-O Bc5 6. d3 b5 7. Bb3 d6 8. a4 Bg4 9. c3 Rb8 10. axb5 axb5 11. h3 Bh5 12. Nbd2 Ra8 13. Rxa8 Qxa8 14. Re1 Qa7 15. Qe2 O-O 16. Nf1 b4 17. Ng3 Bxf3 18. Qxf3 bxc3 19. bxc3 Qa1 20. Bd2 Qb2 21. Qd1 Rb8 22. Ba4 Ne7 23. Rf1 Ng6 24. Nf5 d5 25. Bc2 dxe4 26. dxe4 Rd8 27. Qc1 Qxc1 28. Bxc1 Nf4 29. Re1 g6 30. Ne3 Ra8 31. Nc4 Ra2 32. Bb2 Ba3 33. Bxa3 Rxc2 34. Be7 Kg7 35. Nxe5 Ne2+ 36. Kf1 Nxc3 37. f3 Nh5 38. Bh4 Nf4 39. Ng4 Nh5 40. e5 Nd5 41. Bg5 Ng3+ 42. Kg1 h5 43. Nf6 Re2 44. Rd1 Ne3 45. Bxe3 Rxe3 46. Kf2 Nf5 47. f4 h4 48. Ne8+ Kf8 49. Nxc7 Ra3 50. Nb5 Ra2+ 51. Kf3 Rxg2 52. Kxg2 Ne3+ 53. Kf3 Nxd1 54. Kg4 Ke7 55. Kxh4 f6 56. Nd4 fxe5 57. fxe5 Nf2 58. Kg3 Nd3 59. Nf3 Ke6 60. Kg4 Nf2+ 1/2-1/2

[Event "It (cat.14)"]
[Site "Wijk aan Zee (Netherlands)"]
[Date "2007.01.26"]
[Round "11"]
[White "Stellwagen Daniel (NED)"]
[Black "Nijboer Friso (NED)"]
[Result "1-0"]
[WhiteElo "2585"]
[BlackElo "2638"]
[PlyCount "111"]
[EventDate "2007.??.??"]
[Source "www.chesslib.no"]
[SourceDate "2004.05.04"]

1. e4 e5 2. Nf3 Nc6 3. Bb5 a6 4. Ba4 Nf6 5. O-O Bc5 6. Bxc6 dxc6 7. d3 Qe7 8. Nbd2 Bg4 9. Nc4 Nd7 10. Be3 f6 11. a3 a5 12. b4 Bxe3 13. Nxe3 Bxf3 14. Qxf3 g6 15. h4 Qe6 16. h5 Rf8 17. Rab1 axb4 18. axb4 Nb6 19. Ra1 Rxa1 20. Rxa1 Kd7 21. c4 Ke7 22. Qg3 Kf7 23. Ra7 Rb8 24. hxg6+ hxg6 25. Qh4 Kg7 26. Ng4 Rh8 27. Qg3 Rb8 28. f4 Nd7 29. f5 Qd6 30. Qe3 g5 31. c5 Qe7 32. Qh3 Rh8 33. Qg3 Rb8 34. d4 exd4 35. Qxc7 Kf8 36. Nxf6 Qxf6 37. Qxd7 d3 38. Qd6+ Qxd6 39. cxd6 d2 40. Ra1 Re8 41. d7 Rd8 42. Kf2 Rxd7 43. Rd1 Rd4 44. Ke3 Rxb4 45. Rxd2 Ke7 46. Kf3 b5 47. Kg4 Rxe4+ 48. Kxg5 b4 49. f6+ Ke6 50. Rd8 Rc4 51. Re8+ Kf7 52. Re7+ Kf8 53. Rb7 Kg8 54. g4 Rd4 55. Kf5 Rd5+ 56. Kg6 1-0

[Event "I Open Ruy Lopez"]
[Site "Zafra SPA"]
[Date "2007.03.25"]
[Round "7"]
[White "Ponomariov, R."]
[Black "Stefanova, A."]
[Result "1-0"]
[WhiteElo "2723"]
[BlackElo "2483"]
[PlyCount "63"]
[EventDate "2007.03.24"]
[Source "www.chesslib.no"]
[SourceDate "2004.05.04"]

1. e4 e5 2. Nf3 Nc6 3. Bb5 a6 4. Ba4 Nf6 5. O-O Bc5 6. c3 b5 7. Bc2 d5 8. exd5 Qxd5 9. a4 Rb8 10. axb5 axb5 11. d4 exd4 12. Re1+ Be7 13. cxd4 Bg4 14. Nc3 Qd6 15. Ne4 Nxe4 16. Bxe4 Bxf3 17. Qxf3 Nxd4 18. Qh5 g6 19. Qh6 Ne6 20. Be3 Rd8 21. b4 Bf8 22. Qh4 Be7 23. Qh6 Bf8 24. Qh3 Bg7 25. Bc5 Nxc5 26. bxc5 Qd4 27. Bd5+ Be5 28. Rad1 Qb2 29. f4 O-O 30. fxe5 Qb4 31. Qe3 Kg7 32. Rf1 1-0